Statistics for California County Trivia - Glenn

Click here to take the quiz!

General Stats

  • This quiz has been taken 3 times
  • The average score is 10 of 11

Answer Stats

HintAnswer% Correct
Bordering countiesButte
100%
Valley the county is located inCentral Valley
100%
Colusa
100%
Interstate that runs through the countyInterstate 5
100%
Lake
100%
Mendocino
100%
River that acts as the eastern borderSacramento
100%
Tehama
100%
County SeatWillows
100%
Largest CityOrland
67%
Person the county was named afterHugh J. Glenn
0%

Score Distribution

Percentile by Number Answered

Percent of People with Each Score

Your Score History

You have not taken this quiz